| 000 -LEADER |
| fixed length control field |
00844nam a22001217a 4500 |
| 040 ## - CATALOGING SOURCE |
| Transcribing agency |
RUA |
| 082 ## - DEWEY DECIMAL CLASSIFICATION NUMBER |
| Classification number |
LMA SAM 2025 B701 Or.1 |
| 100 ## - MAIN ENTRY--AUTHOR NAME |
| Personal name |
SAM PISETH, សំ ពិសិដ្ឋ |
| 245 ## - TITLE STATEMENT |
| Title |
Study on commune land use planning process using geograpic information system (GIS) in khnor dambang commune, cheung prey district, kampong cham province, ការសិក្សាលើដំណើរការរៀបចំផែនការប្រើប្រាស់ដីថ្នាក់ឃុំ ដោយប្រើប្រាស់ប្រព័ន្ធព័ត៌មានភូមិសាស្រ្ត (GIS) ក្នុងឃុំខ្នុរដំបង ស្រុកជើងព្រៃ ខេត្តកំពង់ចាម |
| 260 ## - PUBLICATION, DISTRIBUTION, ETC. (IMPRINT) |
| Place of publication |
PHNOM PENH |
| Name of publisher |
RUA |
| Year of publication |
2025 |
| 300 ## - PHYSICAL DESCRIPTION |
| Number of Pages |
x,58p. |
| Other physical details |
ill. |
| Dimensions |
29cm. |
| 942 ## - ADDED ENTRY ELEMENTS (KOHA) |
| Koha item type |
LMA |
| 952 ## - LOCATION AND ITEM INFORMATION (KOHA) |
| Withdrawn status [LOCAL, KOHA] |
0 |
| 952 ## - LOCATION AND ITEM INFORMATION (KOHA) |
| Withdrawn status [LOCAL, KOHA] |
0 |